000
00315nam a2200109Ia 4500
008
200302s9999 xx 000 0 und d
100
_a
Stephen CaLLoway & Other
245
_a
Traditional Style How to Recreate the Traditional Period Home
260
_b
Mitchell Beazley Publishers
260
_c
1994
300
_a
223 P.,
999
_c
1024
_d
1024